000 00249nam a2200097Ia 4500
001 1253186
005 20251031150948.0
008 251031s9999 xx 000 0 und d
245 0 _cBETÜL SAYIN
_aU-6 KÖSTEBEK KUKİ
260 _bGÜNIŞIĞI YAYINLARI
999 _c1253186
_d1253186